000 00265nam a2200109Ia 4500
008 190911s9999||||xx |||||||||||||| ||und||
100 _aLay,David C.
245 0 _aLinear Algebra And its Application
260 _aUSA
_bMc Graw Hill
_c1994
300 _a443
942 _cBK
999 _c6802
_d6802